Wird geladen...
Thozhil vijayathinu suvarnna sookthangal
| 1. Verfasser: | |
|---|---|
| Format: | Printed Book |
| Sprache: | Malayalam |
| Veröffentlicht: |
Kottayam:D C Books,
2012.
|
| LEADER | 00516nam a22001217a 4500 | ||
|---|---|---|---|
| 008 | 111204s9999 xx 000 0 mal d | ||
| 100 | |a Templar,Richard | ||
| 245 | |a Thozhil vijayathinu suvarnna sookthangal |c /Templar,Richard | ||
| 260 | |b Kottayam:D C Books, |c 2012. | ||
| 300 | |a 243p. | ||
| 942 | |c BK | ||
| 999 | |c 232076 |d 232076 | ||
| 952 | |0 0 |1 0 |2 ddc |4 0 |6 158_100000000000000_TEM_T |7 0 |9 257054 |a MAL |b MAL |c ST1 |d 2013-04-18 |e Current Books, Bill No:000246 date:18-03-2013 |g 150.00 |l 1 |o 158.1 TEM/T |p MAL34660 |r 2014-11-25 |s 2014-11-04 |w 2013-04-18 |y BK | ||